| 000 | 00467nam a2200169Ia 4500 | ||
|---|---|---|---|
| 008 | 130318s9999 xx 000 0 und d | ||
| 020 | _a9781412922623 | ||
| 082 | _a658.4038011 WIL/M.4 | ||
| 100 | _aWillcocks, Leslie P | ||
| 245 | _aMajor currents in information system. Vol 4 | ||
| 260 |
_bSage _aLondon _c2008 |
||
| 300 | _a400 | ||
| 650 | _aINFORMATION SYSTEM | ||
| 650 | _aMANAGEMENT INFORMATION SYSTEMS | ||
| 650 | _aPROJECT MANAGEMENT | ||
| 700 | _aLee, Alen | ||
| 999 |
_c1928 _d1928 |
||